| 000 -LEADER |
| fixed length control field |
00599nam a22001817a 4500 |
| 008 - FIXED-LENGTH DATA ELEMENTS--GENERAL INFORMATION |
| fixed length control field |
150519b xxu||||| |||| 00| 0 eng d |
| 020 ## - INTERNATIONAL STANDARD BOOK NUMBER |
| International Standard Book Number |
9780071545211 |
| 041 0# - LANGUAGE CODE |
| Language code of text/sound track or separate title |
eng |
| 080 ## - UNIVERSAL DECIMAL CLASSIFICATION NUMBER |
| Universal Decimal Classification number |
658 BHA |
| 100 ## - Rafti |
| Rafti |
Bhargava, Rohit. |
| 245 00 - TITLE STATEMENT |
| Title |
Personality not included : |
| Statement of responsibility, etc |
Rohit Bhargava. |
| 260 ## - |
| -- |
New York : |
| -- |
McGraw-Hill, |
| -- |
c2008. |
| 300 ## - |
| -- |
300 f |
| -- |
me il |
| -- |
22 cm. |
| 500 ## - |
| -- |
Includes bibliographical references and index. |
| 650 #0 - |
| -- |
Branding (Marketing) |
| 650 #0 - |
| -- |
Authenticity (Philosophy) |
| 942 ## - ADDED ENTRY ELEMENTS (KOHA) |
| Source of classification or shelving scheme |
|
| Item type |
Books |